PERSONA,SOCIEDAD Y ESTADO : PENSAMIENTO SOCIAL Y POLITICO DE MARITAIN

Guardado en:
書目詳細資料
主要作者: Peces-Barba Martínez, Gregorio (autor)
格式: 圖書
標簽: 添加標簽
沒有標簽, 成為第一個標記此記錄!

MARC

LEADER 00000nam^a2200000^a^4500
001 000210207
005 20250521000000.0
009 20260310103346.137
035 |a 027914 
037 |a Acervo Xavier Clavigero 
082 |a 322. 1  |b PEC 
100 |a Peces-Barba Martínez, Gregorio  |e (autor) 
245 1 0 |a PERSONA,SOCIEDAD Y ESTADO :  |b PENSAMIENTO SOCIAL Y POLITICO DE MARITAIN 
264 |a MADRID :  |b Edicusa,  |c 1972 
336 |a texto  |b txt  |2 rdacontenido 
337 |a sin mediación  |b n  |2 rdamedio 
338 |a volumen  |b nc  |2 rdasoporte 
649 |a XX 
910 |a Fondo General 
920 |a Impresos - Libros 
930 |a Colección General 
905 |a 101 
901 |a 027914  |b IT1  |c ACC  |i 027914  |u 20250521 
902 |a https://opac.biblio.iteso.mx/vufind/Record/000210207